Development and Humanitarianism: (Record no. 3229)

MARC details
000 -LEADER
fixed length control field 02113cam a22003014a 4500
001 - CONTROL NUMBER
control field 14904131
003 - CONTROL NUMBER IDENTIFIER
control field OSt
005 - DATE AND TIME OF LATEST TRANSACTION
control field 20191105160811.0
008 - FIXED-LENGTH DATA ELEMENTS--GENERAL INFORMATION
fixed length control field 070626s2007 ctua b 001 0 eng
010 ## - LIBRARY OF CONGRESS CONTROL NUMBER
LC control number 2007026225
020 ## - INTERNATIONAL STANDARD BOOK NUMBER
International Standard Book Number 9781565492394 (alk. paper)
040 ## - CATALOGING SOURCE
Original cataloging agency DLC
Transcribing agency DLC
Modifying agency DLC
042 ## - AUTHENTICATION CODE
Authentication code pcc
043 ## - GEOGRAPHIC AREA CODE
Geographic area code d------
050 00 - LIBRARY OF CONGRESS CALL NUMBER
Classification number HV555.D44
Item number D48 2007
082 00 - DEWEY DECIMAL CLASSIFICATION NUMBER
Classification number 363.34
Edition number 22
Item number DEV 2007
100 ## - MAIN ENTRY--PERSONAL NAME
Personal name Edited by Eade, Deborah;Vaux, Tony.
9 (RLIN) 13022
245 00 - TITLE STATEMENT
Title Development and Humanitarianism:
Remainder of title practical issues
260 ## - PUBLICATION, DISTRIBUTION, ETC. (IMPRINT)
Place of publication, distribution, etc. Bloomfield, CT. :
Name of publisher, distributor, etc. Kumarian Press,
Date of publication, distribution, etc. 2007.
300 ## - PHYSICAL DESCRIPTION
Extent xv, 286 p. :
Other physical details ill. ;
Dimensions 23 cm.
504 ## - BIBLIOGRAPHY, ETC. NOTE
Bibliography, etc Includes bibliographical references and index.
505 0# - FORMATTED CONTENTS NOTE
Formatted contents note Introductory essay: Humanitarian trends and dilemmas / Tony Vaux -- The politics of emergency and the demise of the developing state : problems for humanitarian advocacy / Vanessa Pupavac -- Post-war aid : patterns and purposes / Astri Suhrke and Julia Buckmaster -- Humanitarianism and politics : the dangers of contrived separation / Volker Schimmel -- Who really protects civilians? / Andrew Bonwick -- Colombian peace communities : the role of NGOs in supporting resistance to violence and oppression / Gretchen Alther -- Women and war : protection through empowerment in El Salvador / Martha Thompson and Deborah Eade -- Everyday practices of humanitarian aid : tsunami response in Sri Lanka / Udan Fernando and Dorothea Hilhorst -- Aid partnership in the Bougainville conflict : the case of a local women's NGO and its donors / Jonathan Makuwira -- Art and disarmament : turning arms into plowshares in Mozambique / Frank James Tester -- Mission impossible : gender, conflict, and Oxfam GB / Suzanne Williams -- Women, gender, and conflict : making the connections / Martha Thompson -- Selected resources on contemporary humanitarianism / Deborah Eade.
650 #0 - SUBJECT ADDED ENTRY--TOPICAL TERM
Topical term or geographic name as entry element Humanitarian Aid
9 (RLIN) 7251
650 #0 - SUBJECT ADDED ENTRY--TOPICAL TERM
Topical term or geographic name as entry element Economic development
9 (RLIN) 7252
856 41 - ELECTRONIC LOCATION AND ACCESS
Materials specified Table of contents
Uniform Resource Identifier http://www.loc.gov/catdir/toc/fy0716/2007026225.html
906 ## - LOCAL DATA ELEMENT F, LDF (RLIN)
a 7
b cbc
c orignew
d 1
e ecip
f 20
g y-gencatlg
942 ## - ADDED ENTRY ELEMENTS (KOHA)
Source of classification or shelving scheme Dewey Decimal Classification
Koha item type Short Loan
Holdings
Withdrawn status Lost status Source of classification or shelving scheme Damaged status Not for loan Home library Current library Date acquired Inventory number Total Checkouts Full call number Barcode Date last seen Price effective from Koha item type
    Dewey Decimal Classification     MUST Main Library MUST Main Library 10/03/2016 2009/31781   363.34 DEV 2007 2016-0417 10/03/2016 10/03/2016 Short Loan
    Dewey Decimal Classification     MUST Main Library MUST Main Library 12/04/2016 2009/31779   363.34 DEV 2007 2016-0774 12/04/2016 12/04/2016 Short Loan